Kisszeged felépítéséért
Elmentve itt :
| Szerző: | |
|---|---|
| Dokumentumtípus: | Cikk |
| Megjelent: |
1915-08-10
|
| Sorozat: | Délmagyarország
4 No. 191 |
| Kulcsszavak: | Wimmer Fülöp, Újjáépítés Felsőmagyarország terv 1915, Adomány Szeged 1915, Szeged, Kis-Szeged |
| Online Access: | http://dmarchiv.bibl.u-szeged.hu/57412 |
| LEADER | 00518nab a2200157 i 4500 | ||
|---|---|---|---|
| 001 | delm57412 | ||
| 005 | 20180927144634.0 | ||
| 008 | 180927s1915 hu o 0|| hun d | ||
| 040 | |a SZTE Délmagyarország Archívum |b hun | ||
| 041 | |a hun | ||
| 100 | 1 | |a N. N. | |
| 245 | 1 | 0 | |a Kisszeged felépítéséért |h [elektronikus dokumentum] / |c N. N. |
| 260 | |c 1915-08-10 | ||
| 300 | |a 3 | ||
| 490 | 0 | |a Délmagyarország |v 4 No. 191 | |
| 695 | |a Wimmer Fülöp, Újjáépítés Felsőmagyarország terv 1915, Adomány Szeged 1915, Szeged, Kis-Szeged | ||